UBT Library

Fundamentals of corporate finance / (Record no. 47160)

000 -LEADER
fixed length control field 01099cam a2200289 a 4500
001 - CONTROL NUMBER
control field 14700719
005 - DATE AND TIME OF LATEST TRANSACTION
control field 20180814083610.0
008 - FIXED-LENGTH DATA ELEMENTS--GENERAL INFORMATION
fixed length control field 070117s2008 maua b 001 0 eng
010 ## - LIBRARY OF CONGRESS CONTROL NUMBER
LC control number 2007002136
020 ## - INTERNATIONAL STANDARD BOOK NUMBER
International Standard Book Number 9780073530628 (standard edition : alk. paper)
020 ## - INTERNATIONAL STANDARD BOOK NUMBER
International Standard Book Number 007353062X (standard edition : alk. paper)
020 ## - INTERNATIONAL STANDARD BOOK NUMBER
International Standard Book Number 9780073282114 (alternate edition : alk. paper)
020 ## - INTERNATIONAL STANDARD BOOK NUMBER
International Standard Book Number 0073282111 (alternate edition : alk. paper)
020 ## - INTERNATIONAL STANDARD BOOK NUMBER
International Standard Book Number 9780073282121 (annotated instructor's edition : alk. paper)
020 ## - INTERNATIONAL STANDARD BOOK NUMBER
International Standard Book Number 007328212X (annotated instructor's edition : alk. paper)
040 ## - CATALOGING SOURCE
Original cataloging agency DLC
Transcribing agency DLC
Modifying agency DLC
041 ## - LANGUAGE CODE
Language code of text/sound track or separate title eng
080 ## - UNIVERSAL DECIMAL CLASSIFICATION NUMBER
Universal Decimal Classification number 658.15 ROS
082 00 - DEWEY DECIMAL CLASSIFICATION NUMBER
Classification number 658.15 ROS
Edition number 22
100 1# - Rafti
Rafti 53
101 ## - Shkurtesa
Shkurtesa MEN
245 10 - TITLE STATEMENT
Title Fundamentals of corporate finance /
Statement of responsibility, etc Stephen A. Ross, Randolph W. Westerfield, Bradford D. Jordan.
504 ## - BIBLIOGRAPHY, ETC. NOTE
Bibliography, etc Includes bibliographical references and indexes.
906 ## - LOCAL DATA ELEMENT F, LDF (RLIN)
a 7
b cbc
c orignew
d 1
e ecip
f 20
g y-gencatlg
942 ## - ADDED ENTRY ELEMENTS (KOHA)
Source of classification or shelving scheme
Item type Books
Holdings
Withdrawn status Lost status Source of classification or shelving scheme Damaged status Not for loan Collection code Permanent location Current location Shelving location Date acquired Total Checkouts Full call number Barcode Date last seen Price effective from Koha item type
          Koleksioni i përgjithshem UBT - Lipjan UBT - Lipjan Koleksioni i përgjithshem 08/14/2018   658.15 ROS 002-3011240 08/14/2018 08/14/2018 Books
UBT Library © 2015-2024. All rights reserved University Education for Business and Technology